Paroles - Confessions nocturnes - Diams & Vitaa - Statistiques

Statistiques générales
  • Ce quiz a été pris 10 236 fois
  • Le résultat moyen est 327 sur 487
Statistiques - réponses
Paroles % Correct
a
99%
a ?
99%
à
99%
Que
98%
que
98%
As-
97%
as
97%
Je
97%
je
97%
le
97%
m'a
97%
ma
97%
Mel
97%
moi
97%
moi !
97%
moi ?
97%
moi,
97%
toi
97%
toi !
97%
toi ?
97%
toi,
97%
de
96%
Faut
96%
faut
96%
la
96%
96%
là ?
96%
là)
96%
là,
96%
là-
96%
par
96%
Pas
96%
pas
96%
pas ?
96%
pas,
96%
sa
96%
se
96%
(Vi'
96%
Vi'
96%
Vi' ?
96%
Vi')
96%
Vi',
96%
Ce
95%
ce
95%
il
95%
(J'ai
95%
J'ai
95%
j'ai
95%
ou
95%
te
95%
Tu
95%
tu
95%
dans
94%
j'sens
94%
n'sais
94%
parle
94%
parle,
94%
passe
94%
passé
94%
sais
94%
sais,
94%
ta
94%
journée
93%
J'te
93%
j'te
93%
(Mais
93%
Mais
93%
mais
93%
mec
93%
noir
93%
qui
93%
sens,
93%
Ton
93%
ton
93%
Ca
92%
ça
92%
ça)
92%
ça,
92%
C'est
92%
c'est
92%
Saint-
92%
Si
92%
si
92%
si,
92%
un
92%
Elle
91%
elle
91%
elle ?
91%
fout
91%
Ouais
91%
Ouais,
91%
ouais
91%
ouais !
91%
ouais ?
91%
Et
90%
et
90%
j'suis
90%
So'
90%
suis
90%
suis,
90%
une
90%
ai
89%
Es-
89%
Les
89%
les
89%
son
89%
sur
89%
au
88%
Mon
88%
mon
88%
va
88%
des
87%
en
87%
est
87%
fait
87%
l'ai
87%
pour
87%
qu'est-
87%
répondeur
87%
vit
87%
autre
86%
avec
86%
dit
86%
femme
86%
message
86%
message,
86%
(Non,
86%
Non
86%
Non,
86%
non !
86%
non !)
86%
non,
86%
vus
86%
fille
85%
odeur
85%
tape
85%
nuit,
84%
sûre
84%
sûre,
84%
crève
83%
d'heure
83%
laisse
83%
mois
83%
peur
83%
tous
83%
tout
83%
tro-
83%
Denis
82%
messages
82%
messages,
82%
quarts
82%
quel
82%
qu'il
82%
y
82%
y,
82%
(bah
81%
Bah
81%
bah
81%
Ben
81%
deux
81%
fous
81%
J'croyais
81%
j'croyais
81%
même
81%
ouvre
81%
s'appelle
81%
ensemble
80%
infiltré
80%
l'adresse
80%
l'hôtel
80%
reine
80%
vu
80%
j'en
79%
jure
79%
mardi
79%
Qu'elle
79%
(Quoi
79%
(Quoi ?)
79%
quoi
79%
quoi ?
79%
quoi ?)
79%
quoi,
79%
t'aime
79%
vie
79%
voir
79%
voir,
79%
BM
78%
chez
78%
crever
78%
croyais
78%
j'pourrais
78%
suite
78%
trompe
78%
cet
77%
ne
77%
père
77%
t'en
77%
(T'es
77%
T'es
77%
t'es
77%
t'es-
77%
tes
77%
Andy,
76%
(Arrête
76%
arrête
76%
arrête !
76%
arrête !)
76%
assure,
76%
T'as
76%
t'as
76%
Vas-
76%
vas
76%
vas-
76%
assieds-
75%
comme
75%
était
75%
dis,
74%
dis-
74%
j'veux
74%
on
74%
cette
73%
fini,
73%
Mélanie,
73%
n'peux
73%
preuve
73%
(Viens
73%
viens
73%
viens)
73%
viens,
73%
casse-
72%
chienne !
72%
ferme
72%
j'assume
72%
s'casse
72%
veux
72%
gueule
71%
rhabille-
71%
été
70%
n'crois
70%
plaît
70%
plaît)
70%
plaît,
70%
Prends
70%
prends
70%
s'te
70%
baiser
69%
bien
69%
peut-
69%
plus
69%
assume,
68%
fais
68%
formelle ?
68%
haine !
68%
haine,
68%
paniques,
68%
raye
68%
honte
67%
hôtel
67%
mari
66%
parler,
66%
pur
66%
string
66%
amie (Oh !)
65%
donne-
65%
pétasse
65%
t'oses
65%
toujours
65%
Vitaa
65%
bizarre,
64%
C'était
64%
c'était
64%
confiance
64%
Crois-
64%
crois
64%
homme,
64%
j'pouvais
64%
Peux-
64%
plaque
64%
plaque,
64%
Regarde-
64%
regarde-
64%
savais
64%
ses
64%
briser
63%
droite
63%
J'avais
63%
petit
63%
Quand
63%
quand
63%
qu'un
63%
appart
62%
bras
62%
J'étais
62%
j'étais
62%
mariage
62%
qu'tu
62%
rêve,
62%
clé,
61%
gars
61%
drague,
60%
filles
60%
parlait
60%
plans
60%
problème
60%
saigne
60%
bon,
59%
Paname
59%
slip
59%
chambre
58%
fidèle,
58%
intact,
58%
bas,
57%
bout
57%
Putain
57%
putain !
57%
putain !)
57%
aller)
56%
aussi,
56%
bombe
56%
d'ici
56%
l'air
56%
rêves
56%
téléphone,
56%
calcif',
55%
cocue
55%
côté
55%
d'une
55%
endroit ?
55%
J'y
55%
j'y
55%
mère
55%
part
55%
après
54%
c'que
54%
dessus,
54%
d'honneur,
54%
faire
54%
lacrymogène
54%
numéro
54%
passer
54%
trucs
54%
écoute
53%
frère ?
53%
leur
53%
lui
53%
qu'une
53%
calme-
52%
être
52%
mails ?
52%
nuits
52%
petite
52%
quels
52%
victime
52%
Vous
52%
203)
51%
203,
51%
bizarres,
51%
J'vais
51%
miskine
51%
Paris
51%
pleurer,
51%
secondes,
51%
social !
51%
verras !
51%
bague
50%
doigt
50%
j'arrive !
50%
journées
50%
m'dire
50%
rien
50%
blesse
49%
consulté
49%
cric,
49%
Fouillé
49%
garce
49%
pétasses
49%
puis
49%
sans
49%
tombé
49%
toutes
49%
Alors
48%
bébé ?
48%
bébé,
48%
décidé
48%
d'être
48%
êtes
48%
Franchement
48%
Garde,
48%
garde
48%
n'est
48%
rencard
48%
sac,
48%
vis
48%
désespère
47%
froid,
47%
heure
47%
l'amour
47%
passes
47%
presque
47%
sang-
47%
bâtard
46%
bonheur
46%
came,
46%
d'ton
46%
laissez-
46%
MSN ?
46%
n'méritent
46%
absolu
45%
m'est
45%
m'manques
45%
m'manques,
45%
oui !)
45%
sentir
45%
aujourd'hui,
44%
case
44%
j'vivais
44%
michtonneuses
44%
départ
43%
drames
43%
ex
43%
trahie
43%
vécus,
43%
retour
42%
dealer
41%
questionné
41%
sauté
41%
d'elle,
40%
Nouveau
40%
voiture,
40%
Fallait
39%
avez
38%
déjà
37%
Vite,
35%
étage)
33%
2ème
32%
reste
31%
nouveaux
30%
n'y
30%
Capté
29%
discrète,
29%
(Gare-
29%
gare-
29%
hier
29%
péchés
29%
arriverai
28%
calmée
28%
court
28%
demandé,
27%
(Okay,
27%
Okay,
27%
Reçu
27%
chérie,
26%
étouffer
26%
(Rentre
25%
fatiguée
24%
tiens-
21%
d'la
20%
encore ?),
20%
prête
20%
Bisous
19%
code
18%
monter,
17%
23h28
16%
secret
16%
sors
16%
22h51
15%
cab',
14%
dièse
14%
votre
14%
raccroche)
13%
raccroche,
13%
terminer
13%
Veuillez
13%
composer
11%
poto
11%
rentrer,
10%
demain
7%
Vivement
7%
merci
6%
relou !)
6%
Aucun quiz correspondant
Distribution des résultats
% des personnes avec chaque résultat
Percentile par nombre de réponses
Votre historique - résultats
Vous n’avez pas pris ce quiz